000 00389nam a2200157Ia 4500
005 20240619020413.0
008 240331s9999 xx 000 0 und d
082 _bGAN
_a891.48
100 _aGanesalingan, S
245 0 _aMaranathin nizhalil
_cS. Ganeshalingan
260 _aChennai
_bKumaran Publishers
_c1997
300 _a208 p .,
650 _a laws
650 _apoltical
942 _cL
999 _c3916
_d3916